[Event "2019 Welsh Chess Championship"]
[Site "Cardiff"]
[Date "2019.04.20"]
[Round "4.10"]
[White "Young, Alan"]
[Black "Jones, Derek"]
[Result "1-0"]
[WhiteElo "2021"]
[BlackElo "1925"]
[PlyCount "45"]
[EventDate "2019.04.19"]
[EventType "swiss"]
[EventRounds "7"]
[EventCountry "WLS"]

1. e4 {[%emt 0:00:02]} c5 {[%emt 0:00:07]} 2. c3 {[%emt 0:00:07]} Nf6 {[%emt 0:
00:09]} 3. e5 {[%emt 0:00:06]} Nd5 {[%emt 0:00:04]} 4. d4 {[%emt 0:00:16]} cxd4
{[%emt 0:00:11]} 5. Nf3 {[%emt 0:00:08]} e6 {[%emt 0:00:23]} 6. cxd4 {[%emt 0:
00:24]} d6 {[%emt 0:00:16]} 7. a3 {[%emt 0:01:12]} b6 {[%emt 0:00:36]} 8. Bd3 {
[%emt 0:03:52]} Bb7 {[%emt 0:02:52]} 9. O-O {[%emt 0:00:27]} Be7 {[%emt 0:00:
56]} 10. Re1 {[%emt 0:00:52]} Nc6 {[%emt 0:01:52]} 11. Qe2 {[%emt 0:05:28]}
dxe5 {[%emt 0:07:43]} 12. dxe5 {[%emt 0:00:15]} O-O {[%emt 0:00:28]} 13. Qe4 {
[%emt 0:08:46]} g6 {[%emt 0:01:55]} 14. Bh6 {[%emt 0:00:24]} Re8 {[%emt 0:00:
55]} 15. Nbd2 {[%emt 0:01:54]} Qd7 {[%emt 0:08:03]} 16. Rad1 {[%emt 0:18:33]}
Ncb4 {[%emt 0:03:10]} 17. axb4 {[%emt 0:02:06]} Nxb4 {[%emt 0:00:08]} 18. Bb5 {
[%emt 0:01:41]} Qxb5 {[%emt 0:02:31]} 19. Qxb7 {[%emt 0:00:14]} Nd5 {[%emt 0:
02:00]} 20. Nd4 {[%emt 0:02:31]} Qxb2 {[%emt 0:01:00]} 21. Nc6 {[%emt 0:01:09]}
Bc5 {[%emt 0:00:26]} 22. Ne4 {[%emt 0:03:45]} Qa3 {[%emt 0:07:24]} 23. Rxd5 {
[%emt 0:03:18]} 1-0

[Event "2019 Welsh Chess Championship"]
[Site "Cardiff"]
[Date "2019.04.21"]
[Round "5.1"]
[White "Kett, Tim"]
[Black "Jameson, David"]
[Result "1-0"]
[WhiteElo "2197"]
[BlackElo "2081"]
[PlyCount "105"]
[EventDate "2019.04.19"]
[EventType "swiss"]
[EventRounds "7"]
[EventCountry "WLS"]

1. e4 {[%emt 0:04:16]} e5 {[%emt 0:00:05]} 2. Bc4 {[%emt 0:00:43]} Nc6 {
[%emt 0:01:07]} 3. Nc3 {[%emt 0:01:11]} Nf6 {[%emt 0:00:25]} 4. d3 {[%emt 0:00:
14]} Bb4 {[%emt 0:02:25]} 5. Nf3 {[%emt 0:00:48]} d5 {[%emt 0:07:41]} 6. exd5 {
[%emt 0:02:27]} Nxd5 {[%emt 0:00:09]} 7. O-O {[%emt 0:16:56]} Be6 {[%emt 0:33:
51]} 8. Ng5 {[%emt 0:05:57]} Nxc3 {[%emt 0:15:05]} 9. bxc3 {[%emt 0:01:26]}
Bxc3 {[%emt 0:01:11]} 10. Nxe6 {[%emt 0:03:44]} fxe6 {[%emt 0:00:06]} 11. Rb1 {
[%emt 0:04:30]} Qd6 {[%emt 0:07:54]} 12. Rxb7 {[%emt 0:19:53]} Na5 {[%emt 0:00:
50]} 13. Bb5+ {[%emt 0:03:45]} Kd8 {[%emt 0:01:52]} 14. Qf3 {[%emt 0:13:36]}
Qd5 {[%emt 0:14:46]} 15. Qf7 {[%emt 0:04:48]} Nxb7 {[%emt 0:00:51]} 16. Qxg7 {
[%emt 0:00:39]} Qxb5 {[%emt 0:09:38]} 17. Bg5+ {[%emt 0:00:12]} Kc8 {[%emt 0:
00:03]} 18. Qxh8+ {[%emt 0:00:07]} Nd8 {[%emt 0:00:15]} 19. Qxd8+ {[%emt 0:01:
07]} Kb7 {[%emt 0:00:02]} 20. Qe7 {[%emt 0:01:44]} Rg8 {[%emt 0:00:56]} 21. Be3
{[%emt 0:01:22]} Qd5 {[%emt 0:00:58]} 22. g3 {[%emt 0:00:24]} h5 {[%emt 0:00:
44]} 23. Rb1+ {[%emt 0:00:36]} Kc6 {[%emt 0:00:17]} 24. Rb3 {[%emt 0:03:38]}
Bd4 {[%emt 0:00:10]} 25. Qf7 {[%emt 0:01:12]} Rh8 {[%emt 0:00:14]} 26. c4 {
[%emt 0:00:25]} Qd6 {[%emt 0:01:17]} 27. Qf3+ {[%emt 0:03:41]} Kd7 {[%emt 0:00:
03]} 28. Qf7+ {[%emt 0:01:22]} Kc6 {[%emt 0:00:03]} 29. Bxd4 {[%emt 0:00:32]}
exd4 {[%emt 0:00:03]} 30. h4 {[%emt 0:01:01]} a6 {[%emt 0:00:46]} 31. Rb1 {
[%emt 0:00:41]} Qd7 {[%emt 0:01:57]} 32. Qf3+ {[%emt 0:00:14]} Kc5 {[%emt 0:00:
21]} 33. Qf6 {[%emt 0:01:17]} Qe8 {[%emt 0:00:39]} 34. Qe5+ {[%emt 0:00:14]}
Kc6 {[%emt 0:00:02]} 35. Qxd4 {[%emt 0:00:42]} Rf8 {[%emt 0:00:16]} 36. Qe4+ {
[%emt 0:00:10]} Kd7 {[%emt 0:00:46]} 37. d4 {[%emt 0:01:18]} Qf7 {[%emt 0:00:
06]} 38. Rb2 {[%emt 0:00:20]} Qf3 {[%emt 0:01:07]} 39. Re2 {[%emt 0:00:43]} Qf5
{[%emt 0:00:41]} 40. Qe3 {[%emt 0:00:50]} Rf6 {[%emt 0:00:28]} 41. Rd2 {
[%emt 0:01:13]} Rg6 {[%emt 0:06:39]} 42. Re2 {[%emt 0:05:54]} Rg4 {[%emt 0:01:
15]} 43. Kh2 {[%emt 0:01:43]} c5 {[%emt 0:02:34]} 44. d5 {[%emt 0:01:25]} Rxc4
{[%emt 0:00:27]} 45. dxe6+ {[%emt 0:00:23]} Ke7 {[%emt 0:00:35]} 46. Qg5+ {
[%emt 0:04:16]} Qxg5 {[%emt 0:00:19]} 47. hxg5 {[%emt 0:00:05]} Rg4 {[%emt 0:
00:33]} 48. f4 {[%emt 0:00:27]} h4 {[%emt 0:00:10]} 49. Kh3 {[%emt 0:00:24]}
Rxg3+ {[%emt 0:00:07]} 50. Kxh4 {[%emt 0:00:04]} Rg1 {[%emt 0:01:07]} 51. f5 {
[%emt 0:00:20]} Rh1+ {[%emt 0:03:16]} 52. Kg4 {[%emt 0:00:05]} Rg1+ {[%emt 0:
00:11]} 53. Kh5 {[%emt 0:00:06]} 1-0

[Event "2019 Welsh Chess Championship"]
[Site "Cardiff"]
[Date "2019.04.21"]
[Round "5.2"]
[White "Bullen, Alex"]
[Black "Sands, David A"]
[Result "1/2-1/2"]
[WhiteElo "2100"]
[BlackElo "2109"]
[PlyCount "82"]
[EventDate "2019.04.19"]
[EventType "swiss"]
[EventRounds "7"]
[EventCountry "WLS"]

1. d4 {[%emt 0:00:02]} d5 {[%emt 0:00:09]} 2. Bf4 {[%emt 0:00:13]} Nf6 {
[%emt 0:00:09]} 3. Nc3 {[%emt 0:00:07]} c5 {[%emt 0:00:23]} 4. e3 {[%emt 0:00:
07]} cxd4 {[%emt 0:00:06]} 5. exd4 {[%emt 0:00:06]} a6 {[%emt 0:00:06]} 6. Nf3
{[%emt 0:00:07]} Bg4 {[%emt 0:17:25]} 7. h3 {[%emt 0:00:08]} Bxf3 {[%emt 0:00:
10]} 8. Qxf3 {[%emt 0:00:05]} e6 {[%emt 0:03:40]} 9. O-O-O {[%emt 0:02:24]} Nc6
{[%emt 0:00:40]} 10. g4 {[%emt 0:02:16]} Bd6 {[%emt 0:05:21]} 11. g5 {[%emt 0:
06:02]} Bxf4+ {[%emt 0:00:19]} 12. Qxf4 {[%emt 0:02:08]} Nh5 {[%emt 0:00:14]}
13. Qg4 {[%emt 0:06:54]} g6 {[%emt 0:00:11]} 14. Bd3 {[%emt 0:04:11]} Qd6 {
[%emt 0:02:29]} 15. Ne2 {[%emt 0:00:27]} O-O-O {[%emt 0:00:43]} 16. f4 {
[%emt 0:03:41]} Nb4 {[%emt 0:34:28]} 17. Kb1 {[%emt 0:07:22]} Kb8 {[%emt 0:04:
17]} 18. Rhf1 {[%emt 0:00:07]} Nxd3 {[%emt 0:00:28]} 19. Rxd3 {[%emt 0:00:28]}
Ng7 {[%emt 0:00:19]} 20. Ng1 {[%emt 0:01:08]} h5 {[%emt 0:01:24]} 21. Qe2 {
[%emt 0:00:19]} Nf5 {[%emt 0:00:09]} 22. Qd2 {[%emt 0:07:19]} Rc8 {[%emt 0:00:
43]} 23. Re1 {[%emt 0:02:18]} Rc7 {[%emt 0:00:18]} 24. Nf3 {[%emt 0:07:23]}
Rhc8 {[%emt 0:00:07]} 25. c3 {[%emt 0:00:53]} Re7 {[%emt 0:02:14]} 26. Ne5 {
[%emt 0:02:04]} Qb6 {[%emt 0:01:23]} 27. Qc2 {[%emt 0:05:01]} Rec7 {[%emt 0:03:
54]} 28. Qb3 {[%emt 0:00:10]} Qd6 {[%emt 0:00:12]} 29. Rf1 {[%emt 0:01:02]} Qe7
{[%emt 0:00:36]} 30. Re1 {[%emt 0:03:38]} Ka7 {[%emt 0:00:54]} 31. Nf3 {
[%emt 0:04:40]} Rc6 {[%emt 0:01:49]} 32. Qd1 {[%emt 0:03:55]} Rb6 {[%emt 0:00:
37]} 33. Nd2 {[%emt 0:01:58]} Qc7 {[%emt 0:01:52]} 34. Qf3 {[%emt 0:00:35]} Nd6
{[%emt 0:00:24]} 35. Rc1 {[%emt 0:01:33]} Qc6 {[%emt 0:03:00]} 36. Re3 {
[%emt 0:07:33]} Qb5 {[%emt 0:01:04]} 37. Rc2 {[%emt 0:01:35]} Qa4 {[%emt 0:07:
55]} 38. Rd3 {[%emt 0:05:36]} Qb5 {[%emt 0:01:50]} 39. Re3 {[%emt 0:01:03]} Nf5
{[%emt 0:02:08]} 40. Rd3 {[%emt 0:01:26]} Nh4 {[%emt 0:00:32]} 41. Qf1 {
[%emt 0:04:26]} Nf5 {[%emt 0:02:59]} 1/2-1/2

[Event "2019 Welsh Chess Championship"]
[Site "Cardiff"]
[Date "2019.04.21"]
[Round "5.3"]
[White "Brown, Thomas"]
[Black "Mcgregor, John"]
[Result "1-0"]
[WhiteElo "2079"]
[BlackElo "1856"]
[PlyCount "65"]
[EventDate "2019.04.19"]
[EventType "swiss"]
[EventRounds "7"]
[EventCountry "WLS"]

1. Nf3 {[%emt 0:00:07]} d5 {[%emt 0:00:11]} 2. c4 {[%emt 0:00:45]} d4 {[%emt 0:
00:18]} 3. e3 {[%emt 0:01:18]} c5 {[%emt 0:01:53]} 4. exd4 {[%emt 0:00:49]}
cxd4 {[%emt 0:00:16]} 5. g3 {[%emt 0:00:25]} Nc6 {[%emt 0:03:16]} 6. Bg2 {
[%emt 0:00:23]} e5 {[%emt 0:01:39]} 7. O-O {[%emt 0:03:18]} Bd6 {[%emt 0:03:16]
} 8. Re1 {[%emt 0:05:22]} Nge7 {[%emt 0:00:25]} 9. d3 {[%emt 0:03:35]} O-O {
[%emt 0:00:37]} 10. a3 {[%emt 0:01:56]} a5 {[%emt 0:00:59]} 11. Qc2 {[%emt 0:
01:24]} f6 {[%emt 0:12:39]} 12. Nbd2 {[%emt 0:01:27]} Bf5 {[%emt 0:07:01]} 13.
Ne4 {[%emt 0:03:04]} Bc7 {[%emt 0:02:14]} 14. Rb1 {[%emt 0:07:27]} Qc8 {
[%emt 0:03:28]} 15. b4 {[%emt 0:03:21]} axb4 {[%emt 0:03:00]} 16. axb4 {
[%emt 0:00:19]} Bh3 {[%emt 0:02:45]} 17. b5 {[%emt 0:04:43]} Nd8 {[%emt 0:00:
32]} 18. Bh1 {[%emt 0:05:58]} Ba5 {[%emt 0:07:50]} 19. Bd2 {[%emt 0:02:33]}
Bxd2 {[%emt 0:00:09]} 20. Nfxd2 {[%emt 0:00:29]} Qc7 {[%emt 0:13:45]} 21. c5 {
[%emt 0:04:02]} Be6 {[%emt 0:03:05]} 22. Ra1 {[%emt 0:07:30]} Nf7 {[%emt 0:01:
59]} 23. Nc4 {[%emt 0:00:56]} Nd5 {[%emt 0:02:45]} 24. b6 {[%emt 0:04:16]} Qd7
{[%emt 0:02:13]} 25. Ned6 {[%emt 0:01:29]} Nxd6 {[%emt 0:00:34]} 26. Nxd6 {
[%emt 0:00:38]} Nb4 {[%emt 0:01:17]} 27. Qd2 {[%emt 0:04:17]} Nc6 {[%emt 0:00:
34]} 28. Qb2 {[%emt 0:03:27]} g6 {[%emt 0:04:29]} 29. Qb5 {[%emt 0:01:29]} Rxa1
{[%emt 0:06:11]} 30. Rxa1 {[%emt 0:00:14]} Rc8 {[%emt 0:01:56]} 31. Nxc8 {
[%emt 0:01:22]} Qxc8 {[%emt 0:00:06]} 32. Bxc6 {[%emt 0:00:26]} bxc6 {[%emt 0:
00:16]} 33. b7 {[%emt 0:01:03]} 1-0

[Event "2019 Welsh Chess Championship"]
[Site "Cardiff"]
[Date "2019.04.21"]
[Round "5.4"]
[White "Garcia, Jason"]
[Black "Pleasants, Allan J"]
[Result "1-0"]
[WhiteElo "2024"]
[BlackElo "2075"]
[PlyCount "58"]
[EventDate "2019.04.19"]
[EventType "swiss"]
[EventRounds "7"]
[EventCountry "WLS"]

1. e4 {[%emt 0:00:02]} g6 {[%emt 0:00:06]} 2. d4 {[%emt 0:00:04]} Bg7 {[%emt 0:
00:03]} 3. Nc3 {[%emt 0:00:05]} d6 {[%emt 0:00:12]} 4. Be3 {[%emt 0:00:05]} a6
{[%emt 0:01:11]} 5. h4 {[%emt 0:00:04]} h5 {[%emt 0:03:41]} 6. Nh3 {[%emt 0:00:
06]} Nf6 {[%emt 0:01:06]} 7. Qd2 {[%emt 0:02:14]} b5 {[%emt 0:01:53]} 8. f3 {
[%emt 0:06:50]} Nbd7 {[%emt 0:09:48]} 9. O-O-O {[%emt 0:02:59]} Bb7 {[%emt 0:
07:14]} 10. Kb1 {[%emt 0:01:26]} Rc8 {[%emt 0:03:08]} 11. Ng5 {[%emt 0:09:12]}
O-O {[%emt 0:13:16]} 12. g4 {[%emt 0:06:50]} hxg4 {[%emt 0:09:00]} 13. h5 {
[%emt 0:00:32]} gxh5 {[%emt 0:03:06]} 14. fxg4 {[%emt 0:01:03]} b4 {[%emt 0:02:
57]} 15. Nd5 {[%emt 0:04:05]} Nxe4 {[%emt 0:05:47]} 16. Nxe4 {[%emt 0:08:27]}
Bxd5 {[%emt 0:00:21]} 17. Bd3 {[%emt 0:04:31]} f5 {[%emt 0:04:51]} 18. gxf5 {
[%emt 0:03:21]} Bxe4 {[%emt 0:06:26]} 19. Bxe4 {[%emt 0:00:24]} Nf6 {[%emt 0:
00:14]} 20. Bf3 {[%emt 0:02:16]} Qd7 {[%emt 0:04:05]} 21. Rdf1 {[%emt 0:13:51]}
Rb8 {[%emt 0:09:13]} 22. Bxh5 {[%emt 0:00:13]} Ne4 {[%emt 0:07:39]} 23. Qg2 {
[%emt 0:04:28]} Nc3+ {[%emt 0:00:05]} 24. Kc1 {[%emt 0:00:22]} Nxa2+ {[%emt 0:
01:15]} 25. Kd2 {[%emt 0:01:00]} Rxf5 {[%emt 0:04:31]} 26. Rfg1 {[%emt 0:01:55]
} e6 {[%emt 0:00:31]} 27. Bh6 {[%emt 0:00:21]} Rbf8 {[%emt 0:00:21]} 28. Qxg7+
{[%emt 0:03:47]} Qxg7 {[%emt 0:00:04]} 29. Bxg7 {[%emt 0:02:15]} Rf2+ {[%emt 0:
00:09]} 1-0

[Event "2019 Welsh Chess Championship"]
[Site "Cardiff"]
[Date "2019.04.21"]
[Round "5.5"]
[White "Fathallah, Joe"]
[Black "Camp, Imogen A L"]
[Result "1/2-1/2"]
[WhiteElo "1958"]
[BlackElo "1827"]
[PlyCount "45"]
[EventDate "2019.04.19"]
[EventType "swiss"]
[EventRounds "7"]
[EventCountry "WLS"]

1. d4 {[%emt 0:00:10]} d5 {[%emt 0:00:06]} 2. c4 {[%emt 0:00:09]} c6 {[%emt 0:
00:05]} 3. Nc3 {[%emt 0:00:09]} Nf6 {[%emt 0:00:04]} 4. Nf3 {[%emt 0:00:05]} e6
{[%emt 0:00:05]} 5. e3 {[%emt 0:00:11]} Nbd7 {[%emt 0:00:15]} 6. Qc2 {[%emt 0:
00:22]} Bd6 {[%emt 0:00:10]} 7. Bd3 {[%emt 0:00:38]} dxc4 {[%emt 0:00:18]} 8.
Bxc4 {[%emt 0:00:05]} b5 {[%emt 0:00:04]} 9. Bd3 {[%emt 0:00:24]} Bb7 {[%emt 0:
00:30]} 10. e4 {[%emt 0:01:05]} e5 {[%emt 0:00:23]} 11. O-O {[%emt 0:05:51]}
O-O {[%emt 0:00:20]} 12. Rd1 {[%emt 0:03:13]} Qe7 {[%emt 0:03:14]} 13. h3 {
[%emt 0:05:31]} a6 {[%emt 0:05:20]} 14. Bg5 {[%emt 0:04:42]} Rac8 {[%emt 0:11:
11]} 15. Qe2 {[%emt 0:11:41]} Bb8 {[%emt 0:09:16]} 16. Rac1 {[%emt 0:05:35]}
Rfe8 {[%emt 0:24:40]} 17. Bb1 {[%emt 0:02:46]} g6 {[%emt 0:08:00]} 18. d5 {
[%emt 0:19:33]} cxd5 {[%emt 0:05:54]} 19. Nxd5 {[%emt 0:02:02]} Qe6 {[%emt 0:
06:52]} 20. Rxc8 {[%emt 0:06:01]} Rxc8 {[%emt 0:00:12]} 21. Bxf6 {[%emt 0:01:
11]} Bxd5 {[%emt 0:00:55]} 22. Rxd5 {[%emt 0:07:27]} Nxf6 {[%emt 0:01:06]} 23.
Rd1 {[%emt 0:00:47]} 1/2-1/2

[Event "2019 Welsh Chess Championship"]
[Site "Cardiff"]
[Date "2019.04.21"]
[Round "5.6"]
[White "Heaven, Pete"]
[Black "Young, Alan"]
[Result "1/2-1/2"]
[WhiteElo "2017"]
[BlackElo "2021"]
[PlyCount "41"]
[EventDate "2019.04.19"]
[EventType "swiss"]
[EventRounds "7"]
[EventCountry "WLS"]

1. e4 {[%emt 0:02:41]} e5 {[%emt 0:00:09]} 2. Nf3 {[%emt 0:00:17]} Nc6 {
[%emt 0:00:03]} 3. Bb5 {[%emt 0:00:08]} a6 {[%emt 0:00:15]} 4. Ba4 {[%emt 0:00:
06]} Nf6 {[%emt 0:00:29]} 5. O-O {[%emt 0:01:11]} Be7 {[%emt 0:00:29]} 6. Re1 {
[%emt 0:00:11]} b5 {[%emt 0:00:40]} 7. Bb3 {[%emt 0:00:04]} O-O {[%emt 0:00:22]
} 8. a4 {[%emt 0:00:12]} b4 {[%emt 0:01:27]} 9. d3 {[%emt 0:00:48]} d6 {
[%emt 0:00:36]} 10. Nbd2 {[%emt 0:01:11]} Na5 {[%emt 0:06:54]} 11. Ba2 {
[%emt 0:00:19]} c5 {[%emt 0:07:39]} 12. Nc4 {[%emt 0:00:19]} Nxc4 {[%emt 0:02:
45]} 13. Bxc4 {[%emt 0:00:18]} a5 {[%emt 0:01:36]} 14. Qe2 {[%emt 0:15:52]} Ra7
{[%emt 0:14:57]} 15. Be3 {[%emt 0:03:33]} Ng4 {[%emt 0:11:43]} 16. Bd2 {
[%emt 0:01:28]} g6 {[%emt 0:04:18]} 17. h3 {[%emt 0:07:27]} Nf6 {[%emt 0:00:10]
} 18. Bh6 {[%emt 0:10:09]} Re8 {[%emt 0:01:32]} 19. Qe3 {[%emt 0:00:06]} Nh5 {
[%emt 0:09:01]} 20. Nh2 {[%emt 0:03:15]} Bf6 {[%emt 0:10:20]} 21. Rab1 {
[%emt 0:06:39]} 1/2-1/2

[Event "2019 Welsh Chess Championship"]
[Site "Cardiff"]
[Date "2019.04.21"]
[Round "5.7"]
[White "Guha, Chirag"]
[Black "Yeo, Gareth"]
[Result "0-1"]
[WhiteElo "1941"]
[BlackElo "1963"]
[PlyCount "142"]
[EventDate "2019.04.19"]
[EventType "swiss"]
[EventRounds "7"]
[EventCountry "WLS"]

1. d4 {[%emt 0:00:16]} Nf6 {[%emt 0:00:29]} 2. c4 {[%emt 0:00:07]} c5 {[%emt 0:
00:18]} 3. d5 {[%emt 0:00:05]} e6 {[%emt 0:00:08]} 4. Nc3 {[%emt 0:00:28]} exd5
{[%emt 0:00:04]} 5. cxd5 {[%emt 0:00:06]} d6 {[%emt 0:00:04]} 6. e4 {[%emt 0:
00:18]} g6 {[%emt 0:00:12]} 7. h3 {[%emt 0:00:05]} Bg7 {[%emt 0:00:16]} 8. Nf3
{[%emt 0:00:07]} a6 {[%emt 0:00:07]} 9. a4 {[%emt 0:00:38]} Nbd7 {[%emt 0:01:
27]} 10. Bd3 {[%emt 0:01:20]} O-O {[%emt 0:00:25]} 11. O-O {[%emt 0:00:05]} Nh5
{[%emt 0:01:12]} 12. Be3 {[%emt 0:11:26]} Re8 {[%emt 0:06:40]} 13. Qc2 {
[%emt 0:02:25]} Rb8 {[%emt 0:03:25]} 14. Nd2 {[%emt 0:07:15]} Ne5 {[%emt 0:00:
30]} 15. Be2 {[%emt 0:02:56]} Qh4 {[%emt 0:01:43]} 16. Bxh5 {[%emt 0:03:07]}
Qxh5 {[%emt 0:01:29]} 17. f4 {[%emt 0:01:05]} Nd7 {[%emt 0:22:26]} 18. Qd3 {
[%emt 0:17:08]} Qh4 {[%emt 0:04:37]} 19. Nc4 {[%emt 0:02:57]} Bf8 {[%emt 0:02:
16]} 20. Bf2 {[%emt 0:08:18]} Qd8 {[%emt 0:03:50]} 21. a5 {[%emt 0:04:16]} b5 {
[%emt 0:00:45]} 22. axb6 {[%emt 0:00:22]} Nxb6 {[%emt 0:00:07]} 23. Nxb6 {
[%emt 0:09:04]} Rxb6 {[%emt 0:01:02]} 24. Rfe1 {[%emt 0:09:20]} Qf6 {[%emt 0:
03:02]} 25. Qg3 {[%emt 0:05:26]} Rxb2 {[%emt 0:00:52]} 26. e5 {[%emt 0:00:49]}
Qf5 {[%emt 0:01:15]} 27. Ne4 {[%emt 0:03:59]} dxe5 {[%emt 0:01:55]} 28. Qc3 {
[%emt 0:01:24]} Rb4 {[%emt 0:07:39]} 29. Qf3 {[%emt 0:08:58]} Rd8 {[%emt 0:02:
53]} 30. fxe5 {[%emt 0:00:22]} Bb7 {[%emt 0:15:16]} 31. Rad1 {[%emt 0:00:15]}
Kg7 {[%emt 0:08:57]} 32. Qxf5 {[%emt 0:01:02]} gxf5 {[%emt 0:00:03]} 33. Nf6 {
[%emt 0:00:58]} Be7 {[%emt 0:02:44]} 34. d6 {[%emt 0:00:07]} Bxf6 {[%emt 0:03:
26]} 35. exf6+ {[%emt 0:00:07]} Kg6 {[%emt 0:00:02]} 36. Re7 {[%emt 0:01:11]}
Rb2 {[%emt 0:01:03]} 37. d7 {[%emt 0:00:32]} Bc6 {[%emt 0:00:11]} 38. Rd6 {
[%emt 0:00:16]} Bb5 {[%emt 0:00:34]} 39. Bxc5 {[%emt 0:00:07]} Ba4 {[%emt 0:03:
04]} 40. Bb6 {[%emt 0:01:20]} Rxd7 {[%emt 0:00:44]} 41. Rexd7 {[%emt 0:16:25]}
Bxd7 {[%emt 0:00:28]} 42. Bd4 {[%emt 0:00:09]} Rb1+ {[%emt 0:00:18]} 43. Kf2 {
[%emt 0:00:10]} Bb5 {[%emt 0:00:18]} 44. Rd8 {[%emt 0:00:49]} f4 {[%emt 0:02:
50]} 45. Kf3 {[%emt 0:04:52]} Rf1+ {[%emt 0:01:23]} 46. Ke4 {[%emt 0:01:39]}
Bc6+ {[%emt 0:00:36]} 47. Ke5 {[%emt 0:00:39]} Bb5 {[%emt 0:08:54]} 48. Rg8+ {
[%emt 0:00:12]} Kh6 {[%emt 0:00:12]} 49. Bc3 {[%emt 0:03:47]} Rf2 {[%emt 0:01:
24]} 50. Bd4 {[%emt 0:02:15]} Rf1 {[%emt 0:00:44]} 51. Bc5 {[%emt 0:00:13]} Bd3
{[%emt 0:00:36]} 52. Bf8+ {[%emt 0:00:17]} Kh5 {[%emt 0:00:10]} 53. Rg7 {
[%emt 0:00:41]} Bg6 {[%emt 0:00:13]} 54. Rg8 {[%emt 0:02:06]} Kg5 {[%emt 0:00:
31]} 55. Be7 {[%emt 0:01:02]} Re1+ {[%emt 0:00:27]} 56. Kd4 {[%emt 0:00:14]}
Re2 {[%emt 0:01:23]} 57. Rc8 {[%emt 0:01:03]} Rxg2 {[%emt 0:00:25]} 58. Rc3 {
[%emt 0:00:50]} Rg3 {[%emt 0:06:41]} 59. Rc5+ {[%emt 0:00:45]} Kh4 {[%emt 0:00:
22]} 60. Bd6 {[%emt 0:00:46]} Rd3+ {[%emt 0:00:49]} 61. Ke5 {[%emt 0:00:12]} f3
{[%emt 0:00:40]} 62. Rc1 {[%emt 0:00:36]} Kxh3 {[%emt 0:01:16]} 63. Bc5 {
[%emt 0:00:15]} Rd2 {[%emt 0:01:08]} 64. Kf4 {[%emt 0:01:08]} f2 {[%emt 0:04:
37]} 65. Kf3 {[%emt 0:00:48]} Bh5+ {[%emt 0:00:21]} 66. Ke3 {[%emt 0:00:44]}
Re2+ {[%emt 0:00:11]} 67. Kd3 {[%emt 0:00:11]} Re1 {[%emt 0:00:30]} 68. Rc3 {
[%emt 0:00:37]} f1=Q+ {[%emt 0:00:42]} 69. Kd2+ {[%emt 0:00:17]} Kg4 {[%emt 0:
00:20]} 70. Re3 {[%emt 0:00:23]} Rxe3 {[%emt 0:00:18]} 71. Bxe3 {[%emt 0:00:07]
} Qxf6 {[%emt 0:00:13]} 0-1

[Event "2019 Welsh Chess Championship"]
[Site "Cardiff"]
[Date "2019.04.21"]
[Round "5.8"]
[White "Van Kemenade, Rudy"]
[Black "Turner, Joseph David"]
[Result "1/2-1/2"]
[WhiteElo "1925"]
[BlackElo "1846"]
[PlyCount "73"]
[EventDate "2019.04.19"]
[EventType "swiss"]
[EventRounds "7"]
[EventCountry "WLS"]

1. e4 {[%emt 0:00:04]} e5 {[%emt 0:01:57]} 2. Bc4 {[%emt 0:00:42]} f5 {[%emt 0:
00:33]} 3. d3 {[%emt 0:00:06]} Nc6 {[%emt 0:24:00]} 4. Nf3 {[%emt 0:00:20]} Nf6
{[%emt 0:08:09]} 5. Nc3 {[%emt 0:01:53]} fxe4 {[%emt 0:15:49]} 6. dxe4 {
[%emt 0:00:15]} Bb4 {[%emt 0:02:33]} 7. O-O {[%emt 0:00:07]} Bxc3 {[%emt 0:01:
09]} 8. bxc3 {[%emt 0:00:07]} d6 {[%emt 0:02:33]} 9. h3 {[%emt 0:02:03]} Qe7 {
[%emt 0:04:05]} 10. Bg5 {[%emt 0:00:46]} Be6 {[%emt 0:03:19]} 11. Bxf6 {
[%emt 0:00:07]} Qxf6 {[%emt 0:01:36]} 12. Bd5 {[%emt 0:01:23]} Nd8 {[%emt 0:17:
17]} 13. Nh2 {[%emt 0:01:46]} O-O {[%emt 0:04:55]} 14. Ng4 {[%emt 0:00:06]} Qf7
{[%emt 0:01:58]} 15. Ne3 {[%emt 0:00:55]} Bxd5 {[%emt 0:01:14]} 16. Qxd5 {
[%emt 0:01:20]} Qxd5 {[%emt 0:00:29]} 17. Nxd5 {[%emt 0:00:14]} Ne6 {[%emt 0:
03:16]} 18. Rab1 {[%emt 0:00:12]} b6 {[%emt 0:00:53]} 19. f3 {[%emt 0:00:16]}
Rf7 {[%emt 0:00:48]} 20. Rfd1 {[%emt 0:00:23]} g5 {[%emt 0:01:58]} 21. Rd2 {
[%emt 0:00:28]} h5 {[%emt 0:00:48]} 22. Ne3 {[%emt 0:00:52]} Kh7 {[%emt 0:00:
58]} 23. Kf2 {[%emt 0:00:32]} Nc5 {[%emt 0:00:29]} 24. Ke2 {[%emt 0:00:25]} a5
{[%emt 0:00:51]} 25. Rdd1 {[%emt 0:01:05]} Raf8 {[%emt 0:00:19]} 26. Rf1 {
[%emt 0:00:26]} Ne6 {[%emt 0:00:47]} 27. Rh1 {[%emt 0:01:34]} Nf4+ {[%emt 0:00:
39]} 28. Kd2 {[%emt 0:00:07]} Ne6 {[%emt 0:00:43]} 29. Nf5 {[%emt 0:00:30]} Nc5
{[%emt 0:00:34]} 30. c4 {[%emt 0:01:55]} Ne6 {[%emt 0:00:25]} 31. c3 {[%emt 0:
00:06]} Nc5 {[%emt 0:00:13]} 32. Kc2 {[%emt 0:00:26]} Rd8 {[%emt 0:00:36]} 33.
Rbd1 {[%emt 0:00:13]} Rb8 {[%emt 0:00:40]} 34. Rb1 {[%emt 0:00:22]} Ra8 {
[%emt 0:00:34]} 35. g3 {[%emt 0:00:51]} Kg6 {[%emt 0:00:10]} 36. g4 {[%emt 0:
00:19]} h4 {[%emt 0:00:14]} 37. Rh2 {[%emt 0:00:36]} 1/2-1/2

[Event "2019 Welsh Chess Championship"]
[Site "Cardiff"]
[Date "2019.04.21"]
[Round "5.9"]
[White "Davis, Lee"]
[Black "Jukes, Sam"]
[Result "1-0"]
[WhiteElo "1922"]
[BlackElo "1892"]
[PlyCount "61"]
[EventDate "2019.04.19"]
[EventType "swiss"]
[EventRounds "7"]
[EventCountry "WLS"]

1. d4 {[%emt 0:00:11]} Nf6 {[%emt 0:00:06]} 2. Nf3 {[%emt 0:00:10]} e6 {
[%emt 0:00:12]} 3. g3 d5 {[%emt 0:00:22]} 4. Bg2 {[%emt 0:01:46]} Bb4+ {
[%emt 0:00:03]} 5. c3 {[%emt 0:01:48]} Bd6 {[%emt 0:00:04]} 6. O-O {[%emt 0:00:
01]} O-O {[%emt 0:00:11]} 7. c4 {[%emt 0:00:14]} dxc4 {[%emt 0:01:11]} 8. Nc3 {
[%emt 0:00:13]} Nd5 {[%emt 0:06:21]} 9. Nd2 {[%emt 0:08:28]} Nb6 {[%emt 0:03:
17]} 10. e3 {[%emt 0:09:54]} N8d7 {[%emt 0:03:30]} 11. Qe2 {[%emt 0:02:08]} c5
{[%emt 0:04:17]} 12. dxc5 {[%emt 0:01:30]} Nxc5 {[%emt 0:00:35]} 13. Nxc4 {
[%emt 0:00:07]} Nxc4 {[%emt 0:00:26]} 14. Qxc4 {[%emt 0:00:03]} e5 {[%emt 0:01:
40]} 15. Rd1 {[%emt 0:01:49]} Qf6 {[%emt 0:09:14]} 16. b4 {[%emt 0:03:29]} Be6
{[%emt 0:08:57]} 17. Bd5 {[%emt 0:04:58]} b5 {[%emt 0:05:20]} 18. Nxb5 {
[%emt 0:00:41]} Bxd5 {[%emt 0:05:09]} 19. Qxd5 {[%emt 0:01:51]} e4 {[%emt 0:01:
54]} 20. bxc5 {[%emt 0:01:24]} Bxg3 {[%emt 0:00:34]} 21. hxg3 {[%emt 0:00:27]}
Qxa1 {[%emt 0:00:34]} 22. Ba3 {[%emt 0:02:18]} Qf6 {[%emt 0:00:23]} 23. Nd6 {
[%emt 0:03:07]} Rad8 {[%emt 0:04:40]} 24. Nxe4 {[%emt 0:01:46]} Qe7 {[%emt 0:
01:58]} 25. Nd6 {[%emt 0:00:08]} Qc7 {[%emt 0:01:06]} 26. Qd4 {[%emt 0:01:25]}
Rd7 {[%emt 0:01:54]} 27. Bb2 {[%emt 0:00:45]} f6 {[%emt 0:00:44]} 28. Qd5+ {
[%emt 0:01:11]} Kh8 {[%emt 0:00:09]} 29. c6 {[%emt 0:01:12]} Re7 {[%emt 0:01:
15]} 30. Nb5 {[%emt 0:01:05]} Qc8 {[%emt 0:01:03]} 31. Qc5 {[%emt 0:04:52]} 1-0